Representations of commonsense knowledge

Αποθηκεύτηκε σε:
Λεπτομέρειες βιβλιογραφικής εγγραφής
Κύριος συγγραφέας: Davis, Ernest
Μορφή: Βιβλίο
Γλώσσα:English
Δημοσίευση: San Mateo, Calif. : Morgan Kaufmann Publishers, c1990.
Σειρά:Morgan Kaufmann series in representation and reasoning
Θέματα:
Ετικέτες: Προσθήκη ετικέτας
Δεν υπάρχουν, Καταχωρήστε ετικέτα πρώτοι!

MARC

LEADER 00000cam a2200000 i 4500
001 1/56405
008 941103s1990 cau| ||| |||| ||eng||
020 |a 1558600337 
035 |l 10045551 
035 |a 1993  |c ΠΑΝΑΓΙΩΤΟΠΟΥΛΟΣ 
040 |a GR-MyUA  |b gre  |e AACR2 
041 0 |a eng 
082 0 |a 006.3 
100 1 |a Davis, Ernest. 
245 1 0 |a Representations of commonsense knowledge /   |c Ernest Davis.  
260 |a San Mateo, Calif. :   |b Morgan Kaufmann Publishers,   |c c1990.  
300 |a xiii, 515 σ. :   |b εικ. ;   |c 24 εκ.  
490 1 |a (Morgan Kaufmann series in representation and reasoning)  
504 |a Περιέχει βιβλιογραφικές αναφορές και ευρετήριο.  
650 0 0 |a Artificial intelligence. 
650 0 0 |a Common sense. 
650 0 0 |a Reasoning. 
830 0 |a Morgan Kaufmann series in representation and reasoning 
852 |a INST  |b SAMOS  |e 19950316  |h 006.3 DAV  |p 005300004379  |q 005300004379  |t BK  |y 0 
852 |a INST  |b SAMOS  |e 19941103  |h 006.3 DAV  |p 005300005897  |q 005300005897  |t BK  |y 0 
909 |a Σ  |b 027031 
909 |a Σ  |b 035608